000
00200nam a2200073Ia 4500
008
170523s9999 xx 000 0 und d
100
_a
Jha- A.K.
245
2
_a
A Textbook of Applied Physics-2
260
_a
New Delhi : I.K. International
999
_c
11832
_d
11832